000 00742cam a22002533a 4500
001 18777
003 PGUSA
005 20140828083411.0
008 060707s2006||||xxu|||||s|||||000 1 eng d
040 _aPGUSA
_beng
042 _adc
050 4 _aPZ
100 1 _aByerley, Lucy
245 1 0 _aRuth Arnold ;
_bor, the Country Cousin
_h[electronic resource] /
_cLucy Byerley
260 _bProject Gutenberg,
_c2006
506 _aPublic domain in the USA.
516 _aElectronic text
653 _aCousins -- Juvenile fiction
653 _aChildren -- Conduct of life -- Juvenile fiction
653 _aGirls -- Juvenile fiction
830 0 _aProject Gutenberg
_v18777
856 4 0 _uhttp://www.gutenberg.org/ebooks/18777
942 _cEB
999 _c248032
_d248032